书目信息 |
| 题名: |
化工产品手册
|
|
| 作者: | 张军营 , 展喜兵 , 程珏 编 | |
| 分册: | 胶黏剂 | |
| 出版信息: | 北京 化学工业出版社 2016.05 |
|
| 页数: | 658页 | |
| 开本: | 21cm | |
| 丛书名: | ||
| 单 册: | ||
| 中图分类: | TQ07-62 | |
| 科图分类: | ||
| 主题词: | 化工产品--手册 , 胶粘剂--手册 | |
| 电子资源: | ||
| ISBN: | 978-7-122-26150-2 | |
| 000 | 00989nam0 2200289 450 | |
| 001 | 0100004897 | |
| 005 | 20170524121230.53 | |
| 010 | @a978-7-122-26150-2@dCNY98.00 | |
| 100 | @a20160419d2016 em y0chiy50 ea | |
| 101 | 0 | @achi |
| 102 | @aCN@b110000 | |
| 105 | @aak z 001yy | |
| 200 | 1 | @a化工产品手册@9hua gong chan pin shou ce@i胶黏剂@f张军营,展喜兵,程珏编 |
| 205 | @a6版 | |
| 210 | @a北京@c化学工业出版社@d2016.05 | |
| 215 | @a658页@c图@d21cm | |
| 304 | @a英文共同题名:Handbook of chemical products | |
| 330 | @a本书主要介绍了各种胶黏剂的组成、技术性能、特点、用途、施工工艺、安全性、包装及运输、生产单位等信息。共收集了约1200个品种,尤其是有大量新品种。 | |
| 333 | @a胶黏剂的生产及应用研究人员 | |
| 606 | 0 | @a化工产品@j手册 |
| 606 | 0 | @a胶粘剂@j手册 |
| 690 | @aTQ07-62@v5 | |
| 701 | 0 | @a张军营@9zhang jun ying@4编 |
| 701 | 0 | @a展喜兵@9zhan xi bing@4编 |
| 701 | 0 | @a程珏@9cheng jue@4编 |
| 801 | 0 | @aCN@c20160515 |
| 905 | @a河南城建学院图书馆@dTQ07-62@eZ128=6 | |
| 化工产品手册.胶黏剂/张军营,展喜兵,程珏编.-6版.-北京:化学工业出版社,2016.05 |
| 658页:图;21cm |
| 使用对象:胶黏剂的生产及应用研究人员 |
| ISBN 978-7-122-26150-2:CNY98.00 |
| 本书主要介绍了各种胶黏剂的组成、技术性能、特点、用途、施工工艺、安全性、包装及运输、生产单位等信息。共收集了约1200个品种,尤其是有大量新品种。 |
| ● |
| 相关链接 |
|
|
|
正题名:化工产品手册
索取号:TQ07-62/Z128=6
 
预约/预借
| 序号 | 登录号 | 条形码 | 馆藏地/架位号 | 状态 | 备注 |
| 1 | 1235101 | 212351015 | 材料与化工学院资料室/ [索取号:TQ07-62/Z128=6] | 在馆 | |
| 2 | 1235102 | 212351024 | 材料与化工学院资料室/ [索取号:TQ07-62/Z128=6] | 在馆 | |
| 3 | 1285203 | 212852037 | 自科库501/501自科库 138排8列1层/ [索取号:TQ07-62/Z128=6] | 在馆 | |
| 4 | 1285204 | 212852046 | 期刊室512/501自科库 138排8列1层/ [索取号:TQ07-62/Z128=6] | 在馆 |